000 00654cam a2200241 a 4500
001 1638243
005 20180227053848.0
008 970220s1997 maua b 001 0 eng
010 _a 96076904
020 _a0669416959
040 _aDLC
_cDLC
_dDLC
041 _aeng
043 _ae-gr---
080 _a94 FRO
082 _a94 FRO
100 1 _a16
101 _aHIS
245 1 0 _aGreek society /
_cFrank J. Frost.
504 _aIncludes bibliographical references and index.
906 _a7
_bcbc
_corignew
_d2
_eopcn
_f19
_gy-gencatlg
942 _2ddc
_cBK
999 _c43575
_d43575